| Tag |
First Indicator |
Second Indicator |
Subfields |
| LEADER |
00000cam a2200000 4500 |
| 001 |
in00000022538 |
| 005 |
20151007064034.0 |
| 008 |
720426s1963 enkj b 00000 eng u |
| 010 |
|
|
|a 63023964
|
| 035 |
|
|
|a (OCoLC)00294603
|
| 035 |
|
|
|9 AAD8892AM
|
| 040 |
|
|
|c WSU
|d TXA
|d UtOrBLW
|
| 049 |
|
|
|a TXAM
|c [369396]
|
| 090 |
|
|
|a PT1688
|b .S25
|
| 092 |
|
|
|a 831
|b W861Ysa
|
| 100 |
1 |
|
|a Sacker, Hugh D.
|
| 245 |
1 |
3 |
|a An introduction to Wolfram's Parzival.
|
| 264 |
|
1 |
|a Cambridge [England] :
|b University Press,
|c 1963.
|
| 300 |
|
|
|a xviii, 202 pages :
|b genealogical table. ;
|c 23 cm.
|
| 336 |
|
|
|a text
|b txt
|2 rdacontent
|
| 337 |
|
|
|a unmediated
|b n
|2 rdamedia
|
| 338 |
|
|
|a volume
|b nc
|2 rdacarrier
|
| 600 |
0 |
0 |
|a Wolfram,
|c von Eschenbach,
|d active 12th century.
|t Parzival.
|
| 999 |
|
|
|a MARS
|
| 999 |
f |
f |
|s 27d1884b-4853-3076-bf71-ae8b4b9e0ed7
|i a859fd69-0886-30b2-b5f8-525931a395dc
|t 0
|
| 952 |
f |
f |
|p ric
|a Texas A&M University
|b Rellis Campus
|c Joint Library Facility
|d Remote Storage
|t 0
|e PT1688 .S25
|h Library of Congress classification
|i unmediated -- volume
|m A14801352017
|
| 998 |
f |
f |
|a PT1688 .S25
|t 0
|l Remote Storage
|